| 000 | 00703cam a22002171 4500 | ||
|---|---|---|---|
| 001 | sa 68006681 | ||
| 003 | DLC | ||
| 005 | 20260227112518.0 | ||
| 008 | 710915s1957 br 00010 eng | ||
| 010 | _asa 68006681 //r92 | ||
| 040 |
_aDLC _cDLC _dDLC |
||
| 043 | _aa-br--- | ||
| 050 | 0 | 0 |
_aHB2726.7 _b.S9 |
| 100 | 1 | 0 | _aSundrum, R. M. |
| 245 | 1 | 2 |
_aA note on comparisons of occupational data in the 1921 and 1931 censuses, _cby R. M. Sundrum. |
| 260 | 0 |
_a[Rangoon] _bDepartments of Economics, Statistics & Commerce, University of Rangoon, _c1957. |
|
| 300 |
_a11 p. _c27 cm. |
||
| 440 | 0 |
_aEconomics research project: economic paper _vno. 4 |
|
| 500 | _aCover title. | ||
| 650 | 0 |
_aOccupations _zBurma. |
|
| 999 |
_c81444 _d81444 |
||